[Event "Politiken Cup 2012"]
[Site "Helsingor DEN"]
[Date "2012.07.30"]
[Round "4.58"]
[White "Hoyer,J"]
[Black "Jensen,I"]
[Result "1/2-1/2"]
[WhiteElo "2141"]
[BlackElo "1986"]

1.d4 d5 2.c4 Nc6 3.Nc3 Nf6 4.Nf3 dxc4 5.Bg5 Bg4 6.d5 Bxf3 7.exf3 Ne5 8.Qd4 Nd3+
9.Bxd3 cxd3 10.O-O-O h6 11.Bxf6 gxf6 12.Rhe1 Bg7 13.Rxd3 O-O 14.f4 Kh8 15.f5 Qd7
16.Qg4 Rg8 17.Rde3 Bf8 18.Qh3 Rg5 19.g4 Rg7 20.f4 Rh7 21.Qg2 a5 22.Kb1 Ra6
23.Qe2 Rb6 24.a4 Qd6 25.Re4 Rb4 26.Rc4 h5 27.h3 c6 28.dxc6 Rxc4 29.Qxc4 Qxc6
30.Qd4 hxg4 31.hxg4 Rh1 32.Rxh1+ Qxh1+ 33.Ka2 Kg8 34.g5 fxg5 35.fxg5 Qf3
36.f6 Qf5 37.Ne4 Qe6+ 38.Ka1 Kh7 39.Nc3 exf6 40.gxf6 Qe1+ 41.Ka2 Qe6+ 42.Ka1 Qe1+  1/2-1/2

[Event "Politiken Cup 2012"]
[Site "Helsingor DEN"]
[Date "2012.07.30"]
[Round "4.119"]
[White "Lie,T"]
[Black "Okland,Sveinung"]
[Result "0-1"]
[WhiteElo "1626"]
[BlackElo "1846"]

1.d4 d5 2.c4 Nc6 3.cxd5 Qxd5 4.Nf3 e5 5.Nc3 Bb4 6.Bd2 Bxc3 7.Bxc3 e4 8.Ne5 e3
9.fxe3 Nxe5 10.dxe5 Be6 11.Qa4+ c6 12.e4 Qc4 13.Qxc4 Bxc4 14.b3 Be6 15.O-O-O Ne7
16.Bb4 Rd8 17.e3 Rxd1+ 18.Kxd1 Ng6 19.Bd6 Kd7 20.Be2 h5 21.Kc2 h4 22.Rd1 Kc8
23.Bc5 Nxe5 24.h3 a6 25.Bd4 f6 26.Bb6 Nd7 27.Bd4 Rh6 28.Rf1 Kc7 29.Rf4 c5
30.Bc3 Ne5 31.Rf2 Kd6 32.a3 Rg6 33.b4 c4 34.a4 b5 35.axb5 axb5 36.Bd4 Rg3
37.Bc5+ Kc6 38.Kc3 Nf7 39.Bd1 Ne5 40.Be2 Nd7 41.Bd4 Rg6 42.Bh5 Rh6 43.Bf3 Ne5
44.Be2 Rh8 45.Rf4 Kd6 46.Bc5+ Kd7 47.Bf1 Ng6 48.Rf2 Rd8 49.Ra2 Ke8 50.Bd4 Ne5
51.Ra7 Rd7 52.Be2 Rxa7 53.Bxa7 Kf7 54.Bb8 Nc6 55.Bd6 g6 56.Bf3 Bd7 57.Bc7 Ne5
58.Be2 Ke6 59.Kd4 Bc6 60.Bf1 Nd7 61.g4 g5 62.Be2 Ne5 63.Bb8 Bb7 64.Bd1 Nc6+
65.Kc5 Nxb8 66.Kxb5 c3 67.Kc4 Ke5 68.b5 Nd7 69.Kxc3 Kxe4 70.Kd2 Nb6 71.Ke2 Bd5
72.Bc2+ Ke5 73.Kf2 Bc4 74.Bg6 Bxb5 75.Bf5 Bc6 76.Bg6 Be4 77.Be8 Nd5 78.Bd7 Nc3
79.Kf1 Kd5 80.Bc8 Kc4 81.Ba6+ Kb3 82.Ke1 Kc2 83.Bf1 Nd5 84.Kf2 Kd2 85.Bg2 Bxg2
86.Kxg2 Kxe3 87.Kg1 Kf3 88.Kh2 Kf2  0-1

[Event "99th ch-GBR 2012"]
[Site "North Shields ENG"]
[Date "2012.07.30"]
[Round "7.23"]
[White "Combie,A"]
[Black "Walker,Nicholas P"]
[Result "0-1"]
[WhiteElo "2039"]
[BlackElo "2179"]

1.d4 d5 2.c4 Nc6 3.cxd5 Qxd5 4.e3 e5 5.Nc3 Bb4 6.Bd2 Bxc3 7.Bxc3 e4 8.Ne2 Nf6
9.Nf4 Qd6 10.d5 Ne7 11.Bb5+ Kf8 12.Bc4 Ng6 13.Qd2 Kg8 14.Bb4 c5 15.dxc6 Qxd2+
16.Kxd2 bxc6 17.Nxg6 hxg6 18.Kc2 Ng4 19.Bd6 Rh5 20.h3 Ne5 21.g4 Nxc4 22.gxh5 Nxd6
23.Rad1 Nb7 24.hxg6 Bf5 25.gxf7+ Kxf7 26.Rd4 Nc5 27.Kc3 Nd3 28.f3 c5 29.Rd6 Ke7
30.Ra6 exf3 31.Kd2 Nxb2 32.e4 Bd7 33.Ke3 Rf8 34.Rxa7 f2 35.Ke2 Kd6 36.e5+ Ke6
37.Rb7 Na4 38.Rhb1 Nc3+ 39.Kf1 Nxb1 40.Rxb1 Kxe5  0-1

[Event "Politiken Cup 2012"]
[Site "Helsingor DEN"]
[Date "2012.08.01"]
[Round "6.70"]
[White "Jorgensen,D"]
[Black "Jensen,I"]
[Result "1/2-1/2"]
[WhiteElo "2231"]
[BlackElo "1986"]

1.d4 d5 2.c4 Nc6 3.Nf3 Bg4 4.Nc3 e6 5.cxd5 exd5 6.Bf4 Bb4 7.e3 Nge7 8.Bd3 Ng6
9.Bg3 O-O 10.h3 Bxf3 11.Qxf3 Re8 12.O-O Bxc3 13.bxc3 Na5 14.Rab1 c6 15.Rb4 b5
16.a4 a6 17.Ra1 Qe7 18.Rb2 Ra7 19.axb5 axb5 20.Rba2 Rea8 21.e4 b4 22.cxb4 Qxb4
23.exd5 Qxd4 24.dxc6 Nxc6 25.Rxa7 Rxa7 26.Rxa7 Nxa7 27.Qa8+ Nf8 28.Bxh7+ Kxh7
29.Qxf8 Qd5 30.Kh2 Nc6 31.Qc8 Nd4 32.Qc7 Qf5 33.Qe5 Qxe5 34.Bxe5 Ne6 35.g4 f6
36.Bd6 g6 37.Kg3 f5 38.f3 fxg4 39.Kxg4 Kg7 40.Be5+ Kf7 41.h4 Kg8 42.f4 Kf7
43.Kf3 Nd8 44.Ke4 Ke6 45.Bg7 Nf7 46.Bf8 Nd8 47.Bg7 Nf7 48.Be5 Nh6 49.Bc7 Nf5
50.Bd8 Nd6+ 51.Kd4 Kf5 52.Kd5 Ne4 53.Bc7 Nf6+ 54.Kd4 Nh5 55.Ke3 Kg4  1/2-1/2

[Event "Politiken Cup 2012"]
[Site "Helsingor DEN"]
[Date "2012.08.03"]
[Round "8.64"]
[White "Thaler,T"]
[Black "Helin,M"]
[Result "1-0"]
[WhiteElo "2075"]
[BlackElo "1905"]

1.d4 d5 2.c4 Nc6 3.cxd5 Qxd5 4.e3 e5 5.Nc3 Bb4 6.Bd2 Bxc3 7.bxc3 Qd6 8.Ne2 Nf6
9.Ng3 h5 10.Bd3 h4 11.Ne4 Nxe4 12.Bxe4 f5 13.Bf3 Qg6 14.Rg1 Qd6 15.g3 e4
16.Be2 hxg3 17.hxg3 Rh2 18.Qb3 Be6 19.c4 Nxd4 20.exd4 Qxd4 21.O-O-O Qa1+
22.Kc2 Qd4 23.Be3 Qe5 24.Qxb7 Rc8 25.Qc6+ Kf7 26.Rd7+ Bxd7 27.Qxd7+ Qe7 28.Qxf5+ Kg8
29.Qxc8+ Kh7 30.Qf5+ Kh8 31.Rd1 Qe8 32.Rd7 Qc8 33.Qf7 Rh7 34.Re7  1-0

[Event "Olomouc GM Valoz Cup"]
[Site "Olomouc CZE"]
[Date "2012.08.03"]
[Round "3.6"]
[White "Bures,J"]
[Black "Biolek,R1"]
[Result "1/2-1/2"]
[WhiteElo "2392"]
[BlackElo "2409"]

1.d4 d5 2.c4 Nc6 3.cxd5 Qxd5 4.e3 e5 5.Nc3 Bb4 6.Bd2 Bxc3 7.Bxc3 exd4 8.Ne2 Nf6
9.Nxd4 O-O 10.Nb5 Qg5 11.Nxc7 Bg4 12.Qb3 Rac8 13.Qb5 Qh6 14.Nd5 Nxd5 15.Qxd5 Rfe8
16.Be2 Bxe2 17.Kxe2 Rcd8 18.Qb5 Qg6 19.Kf1 Ne5 20.h4 Ng4 21.h5 Qe4 22.Qe2 b5
23.a3 a5 24.Bxa5 Rd3 25.Re1 Ne5 26.Bc3 Nc4 27.Rd1 Rxd1+ 28.Qxd1 Nxa3 29.h6 g6
30.Kg1 Nc4 31.Rh3 b4 32.Bd4 b3 33.Bc3 Rb8 34.Rf3 Ne5 35.Rf4 Qc2 36.Qd4 Re8
37.Kh2 Qe2 38.Qa4 Rf8 39.Bxe5 Qh5+ 40.Kg1 Qd1+ 41.Kh2 Qh5+ 42.Kg3 Qxe5 43.Qd4 Qg5+
44.Rg4 Qxh6 45.Qb4 Qg7 46.Qxb3 Qe5+ 47.Kf3 Rb8 48.Rb4 Qf6+ 49.Ke2 Qa6+ 50.Kf3 Qf6+
51.Ke4  1/2-1/2

[Event "Tabor Open 2012"]
[Site "Tabor CZE"]
[Date "2012.08.03"]
[Round "7.36"]
[White "Sourek,Martin"]
[Black "Prochazka,Pe"]
[Result "1/2-1/2"]
[WhiteElo "1808"]
[BlackElo "1968"]

1.d4 d5 2.c4 Nc6 3.Nc3 Nf6 4.cxd5 Nxd5 5.e4 Nxc3 6.bxc3 e5 7.d5 Ne7 8.Nf3 Ng6
9.Bb5+ Bd7 10.Qa4 a6 11.Bxd7+ Qxd7 12.Qxd7+ Kxd7 13.Be3 Bd6 14.O-O c5 15.a4 b6
16.Rab1 Rab8 17.Rb2 f5 18.exf5 Ne7 19.c4 Nxf5 20.Ng5 g6 21.g4 Ne7 22.Nf7 Rhf8
23.Nxd6 Kxd6 24.f4 e4 25.f5 Rb7 26.f6 Nc8 27.Bf4+ Kd7 28.g5 Re8 29.Re1 Nd6
30.Bxd6 Kxd6 31.Rbe2 b5 32.Rxe4 Rxe4 33.Rxe4 bxc4 34.Re6+ Kxd5 35.Re7 Rb8
36.Kf2 c3 37.Ke3 c4 38.f7 Rf8 39.Ra7 Kc5 40.Ke2 Kb6 41.Re7 Kc5 42.Kd1 Kd4
43.Kc2 Kd5 44.Kxc3 Kd6 45.Ra7 a5 46.h3 Kc5 47.Kd2 Kd4 48.Rd7+ Kc5 49.Ke3 Kc6
50.Ra7 Kb6 51.Re7 Kc5 52.Ke4 Kd6 53.Ra7 Rc8 54.Ra6+ Ke7 55.Rf6 Kf8 56.Rf2 c3
57.Kd3 Rc5 58.h4 Rc7 59.Rc2 Kxf7 60.Rxc3 Rb7 61.Rc4 Ke6 62.Ke4 Kd6 63.Kd4 Rb1
64.Rc3  1/2-1/2

[Event "16th HZ Open"]
[Site "Vlissingen NED"]
[Date "2012.08.04"]
[Round "1"]
[White "Geirnaert,S"]
[Black "Goorden,Johan"]
[Result "1-0"]
[WhiteElo "2407"]
[BlackElo "1881"]

1.d4 d5 2.c4 Nc6 3.Nc3 Nf6 4.Nf3 Bg4 5.cxd5 Bxf3 6.gxf3 Nxd5 7.e4 Nb6 8.d5 Ne5
9.f4 Ng6 10.Bb5+ Nd7 11.f5 Nh4 12.Qg4 Nxf5 13.Qxf5  1-0

[Event "FSIMB August 2012"]
[Site "Budapest HUN"]
[Date "2012.08.05"]
[Round "2.5"]
[White "Corke,A"]
[Black "Sean,W"]
[Result "1/2-1/2"]
[WhiteElo "2254"]
[BlackElo "2120"]

1.d4 d5 2.c4 Nc6 3.Nc3 dxc4 4.e3 e5 5.d5 Nce7 6.Bxc4 Nf6 7.Qb3 Nf5 8.Bb5+ Bd7
9.Bxd7+ Nxd7 10.Qxb7 Rb8 11.Qc6 Rb6 12.Qa4 Bb4 13.Qc2 Qg5 14.g3 O-O 15.Bd2 Nf6
16.O-O-O e4 17.Nxe4 Nxe4 18.Qxe4 Nd6 19.Qd3 c5 20.Ne2 Rfb8 21.Nc3 c4 22.Qc2 Ra6
23.Kb1 Qd8 24.Ka1 Qa5 25.a3 Bxc3 26.Qxc3 Qc5 27.Qd4 Qc7 28.Qe5 Rb3 29.Kb1 Rab6
30.Kc1 Qb7 31.Bb4  1/2-1/2

[Event "Olomouc Summer Open"]
[Site "Olomouc CZE"]
[Date "2012.08.05"]
[Round "5.7"]
[White "Zakharchenko,A"]
[Black "Plat,V"]
[Result "1/2-1/2"]
[WhiteElo "2197"]
[BlackElo "2480"]

1.d4 d5 2.c4 Nc6 3.Nc3 Nf6 4.cxd5 Nxd5 5.e4 Nb6 6.Nf3 e6 7.Be2 Bb4 8.O-O O-O
9.Qd3 Bd7 10.a3 Be7 11.Bf4 f5 12.exf5 Rxf5 13.Bg3 Be8 14.Qe3 Bf7 15.Bd3 Rh5
16.b4 Bf6 17.Ne4 Nd5 18.Nxf6+ Qxf6 19.Qd2 Bg6 20.Be2 Rh6 21.b5 Nce7 22.Rac1 Bh5
23.Rfe1 Rf8 24.Ne5 Bxe2 25.Nd7 Qf7 26.Rxe2 Rd8 27.Nc5 b6 28.Nd3 Nf5 29.Ne5 Qh5
30.h3 Nxd4 31.Qxd4 Qxe2 32.Rxc7 Rf6 33.Rxa7 Rc8 34.Kh2 Qxb5 35.Qg4 Nc7 36.a4 Qd5
37.Qb4 Qc5 38.Qg4 Rf5 39.Nd3 Qc6 40.Nb4 Qc3 41.Qe4 Rf7 42.Na6 Nxa6 43.Qxe6 Qc4
44.Qxc4 Rxc4 45.Rxa6 Rf6 46.Ra7 Rc5 47.Rb7 Ra5 48.Bc7 Rxa4 49.Be5 Rg6 50.Rb8+ Kf7
51.Rb7+ Kf8 52.Rb8+ Ke7 53.Rb7+ Ke6 54.Bxg7 Kd5 55.Bh8 Ra2 56.Rf7 b5 57.g4 b4
58.Kg3 h6 59.f4 Ra3+ 60.Kh4 Rf3 61.Rd7+ Rd6 62.Rf7 b3 63.Rb7 Kc4 64.Bg7 Rdd3
65.Bxh6 Rxh3+ 66.Kg5 Rhg3 67.Bg7 Rg1 68.Kf5 Rd5+  1/2-1/2

[Event "38th Badalona Open A"]
[Site "Badalona ESP"]
[Date "2012.08.07"]
[Round "7.9"]
[White "Arun Prasad,S"]
[Black "Palit,S"]
[Result "1-0"]
[WhiteElo "2531"]
[BlackElo "2435"]

1.d4 d5 2.c4 Nc6 3.Nc3 dxc4 4.Nf3 Bg4 5.d5 Bxf3 6.exf3 Ne5 7.Bf4 Qd6 8.Qd4 f6
9.Bxc4 g5 10.Bg3 Nh6 11.Bb5+ Kd8 12.Ne4 Qb6 13.Qxb6 axb6 14.Bxe5 fxe5 15.Nxg5 Rg8
16.Ne6+ Kc8 17.Rc1 Nf5 18.Bd3 Nh4 19.Bxh7 Rh8 20.Rxc7+ Kb8 21.d6 Nxg2+ 22.Kf1 Nf4
23.Nxf4 exf4 24.Be4 exd6 25.Rxb7+ Kc8 26.a3 Ra4 27.Rf7 d5 28.Bxd5 Rd4 29.Bb7+ Kb8
30.Ke2 Bc5 31.Be4 Rhd8 32.Rc1 Rd2+ 33.Ke1 R8d7 34.Rxd7 Rxd7 35.Ke2 Rg7 36.b4 Bd4
37.Rc2 Rg2 38.Kd3 Be5 39.h3 Rg1 40.Bd5 Ra1 41.Ke4 Bd6 42.Ba2 Rh1 43.Be6 Ra1
44.Rc3 Re1+ 45.Kf5 Re5+ 46.Kf6 Re2 47.Rd3 Kc7 48.h4 Rxf2 49.h5 Rh2 50.Kg6 Bf8
51.b5 Re2 52.Bf5 Bd6 53.h6 Rg2+ 54.Bg4 Rb2 55.Rxd6  1-0

[Event "ch-POR 2012"]
[Site "Pampilhosa da Serra POR"]
[Date "2012.08.10"]
[Round "7.4"]
[White "Santos,H"]
[Black "Guerreiro,N"]
[Result "1/2-1/2"]
[WhiteElo "2146"]
[BlackElo "2068"]

1.d4 d5 2.c4 Nc6 3.Nf3 Bg4 4.cxd5 Bxf3 5.gxf3 Qxd5 6.e3 e5 7.Nc3 Bb4 8.Bd2 Bxc3
9.bxc3 Qd6 10.f4 Qd5 11.Rg1 exf4 12.Bg2 Qd6 13.e4 Nge7 14.e5 Qh6 15.Rb1 Rb8
16.Qg4 Qg6 17.Qxg6 hxg6 18.Bxf4 Nd8 19.Bg3 Nf5 20.d5 Rh5 21.f4 b6 22.Bf3 Rh7
23.Kf2 Nb7 24.Rge1 Nc5 25.Kg1 Ke7 26.Rbd1 Rbh8 27.Bg2 Kd8 28.Re2 Na4 29.Rd3 Nc5
30.Rf3 a5 31.h3 Ke7 32.Bf2 Rd8 33.Bxc5+ bxc5 34.Rd3 Rh4 35.Re4 Rb8 36.Rc4 Kd8
37.Rf3 Rb1+ 38.Rf1 Rb2 39.Rf2 Rb1+ 40.Rf1 Rb2 41.Rf2 Rb1+ 42.Rf1  1/2-1/2

[Event "II Brazil Maringa Open"]
[Site "Maringa BRA"]
[Date "2012.08.11"]
[Round "7.28"]
[White "Souza,Gustavo Horokoski De"]
[Black "Costa,PC"]
[Result "0-1"]
[WhiteElo "1846"]
[BlackElo "2060"]

1.d4 d5 2.c4 Nc6 3.Nf3 Bg4 4.e3 e6 5.Nc3 Nf6 6.cxd5 exd5 7.Be2 Be7 8.O-O O-O
9.Ne5 Bxe2 10.Nxc6 Bxd1 11.Nxd8 Raxd8 12.Rxd1 c6 13.Bd2 Rfe8 14.a3 Bd6 15.b4 a6
16.Rab1 Nd7 17.a4 b5 18.Rdc1 Nb6 19.Kf1 bxa4 20.Nxa4 Nxa4 21.Rxc6 Bf8 22.Rxa6 Ra8
23.Rc6 Reb8 24.b5 Nb6 25.f3 Nc4 26.Ke1 Ra2 27.Bc1 Rxg2 28.Kf1 Rxh2 29.Kg1 Rc2
30.e4 dxe4 31.fxe4 Rb6 32.d5 f6 33.Bf4 Rxc6 34.dxc6 Bc5+ 35.Kh1 Bb6 36.Rd1 Rb2
37.Rd5 Na5 38.Be3 Bxe3 39.c7 Rb1+ 40.Kg2 Rc1 41.Rd8+ Kf7 42.c8=Q Rxc8 43.Rxc8 Nb3
44.Kf3 Bd4 45.Rb8  0-1

[Event "FSIMB August 2012"]
[Site "Budapest HUN"]
[Date "2012.08.14"]
[Round "11.4"]
[White "Kahn,E"]
[Black "Sean,W"]
[Result "1/2-1/2"]
[WhiteElo "2261"]
[BlackElo "2120"]

1.d4 d5 2.c4 Nc6 3.cxd5 Qxd5 4.e3 e5 5.Nc3 Bb4 6.Bd2 Bxc3 7.bxc3 Nf6 8.c4 Qd6
9.d5 Ne7 10.Rb1 Ne4 11.Bb4 Nc5 12.Nf3 Ng6 13.Nd2 f5 14.Be2 O-O 15.O-O b6
16.Nb3 a5 17.Ba3 Bd7 18.Nxc5 bxc5 19.Bh5  1/2-1/2

[Event "Prva liga RS seniori 2012"]
[Site "Banja Vrucica SRB"]
[Date "2012.08.15"]
[Round "5"]
[White "Tesic,D"]
[Black "Krgovic,V"]
[Result "0-1"]
[WhiteElo "2361"]
[BlackElo "2215"]

1.d4 d5 2.c4 Nc6 3.cxd5 Qxd5 4.e3 e5 5.Nc3 Bb4 6.Bd2 Bxc3 7.bxc3 Nf6 8.f3 e4
9.f4 O-O 10.c4 Qd6 11.Ne2 Bg4 12.Qb3 a5 13.h3 Bc8 14.a3 Ne7 15.g4 Re8 16.Ng3 h6
17.a4 c6 18.Bc1 Ng6 19.Ba3 Qd8 20.g5 hxg5 21.fxg5 Qc7 22.Ne2 Nh5 23.O-O-O b5
24.axb5 cxb5 25.Qxb5 Ba6 26.Qc5 Qb7 27.Bb2 Rec8 28.Qa3 Bxc4 29.Nc3 Bb3 30.Be2 Ng3
31.Bg4 Rc7 32.Rhg1 Bxd1 33.Kxd1 Rb8 34.Kc2 Qb5 35.Rxg3 Qd3+ 36.Kc1 Rxb2 37.Kxb2 Qd2+
38.Kb1 Rxc3 39.Qb2 Qd3+  0-1

[Event "14th Sants Open A"]
[Site "Barcelona ESP"]
[Date "2012.08.20"]
[Round "4.8"]
[White "Clavijo,J"]
[Black "Perez Mitjans,O"]
[Result "0-1"]
[WhiteElo "2319"]
[BlackElo "2504"]

1.d4 d5 2.c4 Nc6 3.cxd5 Qxd5 4.Nf3 e5 5.Nc3 Bb4 6.Bd2 Bxc3 7.Bxc3 e4 8.Nd2 Nf6
9.e3 O-O 10.Qb3 Qf5 11.Bc4 a6 12.a4 Rb8 13.Bb4 Nxb4 14.Qxb4 Qg5 15.g3 Bf5
16.Bf1 Rfe8 17.Bg2 h5 18.Qc5 Rbc8 19.h4 Qg6 20.O-O Ng4 21.Ra3 b6 22.Qc2 c5
23.dxc5 Rxc5 24.Rc3 Rd5 25.Nb3 Ne5 26.Nd4 Nf3+ 27.Bxf3 exf3 28.Nxf5 Rxf5
29.Rc8 Rxc8 30.Qxc8+ Kh7 31.Rd1 Rc5 32.Qxa6 Qg4 33.Qd3+ f5 34.Ra1 Rc2 35.b4 Re2
36.Qd5 Rxe3 37.Kh2 f4 38.Qg5 fxg3+  0-1

[Event "12th ch-Euro Seniors w"]
[Site "Kaunas LTU"]
[Date "2012.08.23"]
[Round "6.1"]
[White "Strutinskaya,G"]
[Black "Fomina,T"]
[Result "1/2-1/2"]
[WhiteElo "2302"]
[BlackElo "2189"]

1.d4 d5 2.c4 Nc6 3.Nf3 Bg4 4.Nc3 e6 5.e3 Bb4 6.Bd2 Nf6 7.a3 Bxc3 8.Bxc3 O-O
9.Qb3 Rb8 10.cxd5 exd5 11.Be2 Re8 12.h3 Bh5 13.O-O Ne4 14.Qc2 Re6 15.Ne1 Bg6
16.Nd3 Nxc3 17.Qxc3 Bxd3 18.Qxd3 Ne7 19.Rad1 f5 20.b4 a6 21.Qd2 c6 22.Bd3 g6
23.a4  1/2-1/2

[Event "40th Olympiad Open"]
[Site "Istanbul TUR"]
[Date "2012.08.28"]
[Round "1.44"]
[White "Morovic Fernandez,I"]
[Black "Ferster,F"]
[Result "1-0"]
[WhiteElo "2575"]
[BlackElo "2144"]

1.d4 d5 2.c4 Nc6 3.cxd5 Qxd5 4.e3 e5 5.Nc3 Bb4 6.Bd2 Bxc3 7.Bxc3 exd4 8.Ne2 Nf6
9.Nxd4 O-O 10.Nxc6 Qxc6 11.Rc1 Bg4 12.f3 Bf5 13.Bb4 Qe6 14.Bxf8 Qxe3+ 15.Be2 Rxf8
16.Rxc7 Re8 17.Qd2 Qb6 18.Rc4 Rd8 19.Qc3 Nd5 20.Qd4 Ne3 21.Qxb6 axb6 22.Rc7 Nxg2+
23.Kf2 Nf4 24.Rd1 Ra8 25.Bc4  1-0

[Event "11th Istanbul Open A"]
[Site "Istanbul TUR"]
[Date "2012.08.31"]
[Round "2"]
[White "Gebregziabher,B"]
[Black "Goynuguzel,Serkan"]
[Result "1/2-1/2"]
[WhiteElo "2055"]
[BlackElo "1854"]

1.d4 d5 2.c4 Nc6 3.e3 e5 4.dxe5 d4 5.a3 Bf5 6.Nf3 dxe3 7.Qxd8+ Rxd8 8.Bxe3 Nge7
9.Bf4 Ng6 10.Bg3 Na5 11.Nbd2 c5 12.Be2 h5 13.h4 Be7 14.O-O Nxh4 15.Bxh4 Bxh4
16.b4 Nc6 17.Nxh4 Rxd2 18.Nxf5 Rxe2 19.Nd6+ Ke7 20.Nxb7 cxb4 21.axb4 Rb8
22.Na5 Nxb4 23.Rab1 Ke6 24.f4 Kf5 25.Nb3 Rd8 26.Nc1 Rc2 27.Nb3 Re2 28.Nc1 Rc2
29.Nb3 Kg4 30.c5 a5 31.f5 a4 32.Na1 Rc4 33.e6 fxe6 34.fxe6 Re8 35.Rbe1 Nd3
36.Re3 Nxc5 37.e7 Re4 38.Rc3 Ne6 39.Kh2 h4 40.Rf7 g6 41.Nc2 Ng5 42.Rg7 Kh5
43.Rc6 Ne6 44.Rh7+ Kg4 45.Rc3 Ng5 46.Rg7 Kf5 47.Rc6 Ne6 48.Rf7+ Kg5 49.Rc3 Kh6
50.Ne3 Ng5 51.Rf6 R8xe7 52.Nf5+ Kh7 53.Nxe7 Rxe7 54.Ra6 Re2 55.Rc7+ Kh6 56.Rcc6 Nf3+
57.Kh3 Ne5 58.Rc5 Re3+ 59.Kxh4 a3 60.g3 Re2 61.Kh3 a2 62.Rca5 Nf7 63.Rxa2 Ng5+
64.Kh4 Re4+ 65.g4 Nf3+ 66.Kg3 Ne5 67.R6a4 Re1 68.Kf2 Nd3+ 69.Kg2 Ne5 70.Kg3 Kg5
71.Rg2 Re3+ 72.Kf2 Rf3+ 73.Ke2 Rf4 74.Ra5 Re4+ 75.Kf2 Kf4 76.g5 Ng4+ 77.Rxg4+ Kxg4
78.Ra2 Kxg5 79.Kf3 Rb4 80.Rc2 Rb3+ 81.Kg2 Kh5 82.Ra2 g5 83.Rc2 Kh4 84.Rd2 Rg3+
85.Kh2 Rh3+ 86.Kg2 Ra3 87.Rb2 Ra4 88.Rc2 Kg4 89.Rb2 Kf4 90.Rf2+ Kg4 91.Rb2 Kh4
92.Kh2 Ra8 93.Rc2 Ra7 94.Rb2 Kg4 95.Kg2 Kf4 96.Rf2+ Ke4 97.Kg3 Ra4 98.Rf8 Ra1
99.Kg2 Ke3 100.Rf7 Ra4  1/2-1/2

[Event "3rd Oliver Gonzalez Mem Open A"]
[Site "Madrid ESP"]
[Date "2012.09.02"]
[Round "2"]
[White "Narciso Dublan,M"]
[Black "Rabadan Velasco,R"]
[Result "1-0"]
[WhiteElo "2523"]
[BlackElo "2347"]

1.d4 d5 2.c4 Nc6 3.Nc3 dxc4 4.d5 Ne5 5.f4 Ng4 6.e4 e5 7.Nf3 Bc5 8.h3 Nf2
9.Qa4+ Bd7 10.Qxc4 Nxh1 11.Qxc5 Ne7 12.fxe5 b6 13.Qg1 Ng3 14.Bd3 Ng6 15.Qh2 Nh5
16.g4 Nhf4 17.Bxf4 Nxf4 18.Qxf4 O-O 19.O-O-O b5 20.Bxb5 Bxb5 21.Nxb5 Qb8
22.Nbd4 Qb4 23.Qd2 Qc4+ 24.Kb1 Rab8 25.Rc1 Qa6 26.Nc6 Rb6 27.Nfd4 Qb7 28.Qc3 Ra8
29.e6 f6 30.g5  1-0

[Event "40th Olympiad Open"]
[Site "Istanbul TUR"]
[Date "2012.09.03"]
[Round "6.46"]
[White "Brown,Th"]
[Black "Averbukh,A"]
[Result "0-1"]
[WhiteElo "2104"]
[BlackElo "2211"]

1.d4 d5 2.c4 Nc6 3.Nc3 dxc4 4.Nf3 Bg4 5.d5 Bxf3 6.gxf3 Ne5 7.f4 Nd7 8.e4 Nb6
9.Bxc4 Nxc4 10.Qa4+ c6 11.Qxc4 cxd5 12.Nxd5 Rc8 13.Qa4+ Qd7 14.Qxd7+ Kxd7
15.O-O e6 16.Nc3 Bb4 17.Rd1+ Ke7 18.Be3 Nf6 19.Na4 b5 20.a3 Ba5 21.Nc5 Bb6
22.b4 Rhd8 23.Kg2 Rxd1 24.Rxd1 a5 25.Kf3 a4 26.f5 exf5 27.e5 Ng4 28.Bg5+ Ke8
29.Nd7 Rc3+ 30.Kg2 Bc7 31.h3 Rxh3 32.f3 Rh2+ 33.Kg1 Rh1+  0-1

[Event "3rd Oliver Gonzalez Mem Open A"]
[Site "Madrid ESP"]
[Date "2012.09.04"]
[Round "4.29"]
[White "Lorite Cruz,F"]
[Black "Rodrigo Yanguas,M"]
[Result "1/2-1/2"]
[WhiteElo "2039"]
[BlackElo "2171"]

1.d4 d5 2.c4 Nc6 3.e3 e5 4.dxe5 d4 5.exd4 Qxd4 6.Be2 Qxd1+ 7.Bxd1 Nxe5 8.Be2 Be6
9.b3 O-O-O 10.Nf3 Bb4+ 11.Bd2 Nxf3+ 12.Bxf3 Bxd2+ 13.Nxd2 Nf6 14.O-O-O Ng4
15.Ne4 Ne5 16.Be2 Bf5 17.Nc3 c6 18.f4 Ng4 19.Bxg4 Bxg4 20.Rxd8+ Rxd8 21.h3 Bf5
22.Rd1 Rxd1+ 23.Kxd1 h5 24.Ke2 Kc7 25.b4 a6 26.Ke3  1/2-1/2

[Event "3rd Oliver Gonzalez Mem Open A"]
[Site "Madrid ESP"]
[Date "2012.09.04"]
[Round "4.32"]
[White "Moreno Ibanez,M"]
[Black "Rabadan Velasco,R"]
[Result "1-0"]
[WhiteElo "2093"]
[BlackElo "2347"]

1.d4 d5 2.c4 Nc6 3.Nc3 dxc4 4.d5 Ne5 5.f4 Nd7 6.e4 Nb6 7.a4 a5 8.Be3 Bd7
9.f5 Rc8 10.Qf3 g6 11.Bd4 f6 12.Nge2 c5 13.Be3 Bh6 14.Bf2 Kf7 15.g4 Be8 16.h4 Nd7
17.Bg3 Kg7 18.e5 g5 19.e6 Nb6 20.h5 Kf8 21.Bg2 Ra8 22.O-O Nc8 23.Rfd1 Nd6
24.Ne4 Qb6 25.N2c3 Rd8 26.Qe3 Bg7 27.Rd2 Nh6 28.Nxd6 Rxd6 29.Bf3 Kg8 30.Ne4 Bxh5
31.Nxd6 exd6 32.e7 Be8 33.Qe6+ Nf7 34.Qc8  1-0

[Event "9th LGA Premium Cup"]
[Site "Nuernberg GER"]
[Date "2012.09.06"]
[Round "1.1"]
[White "Nyzhnyk,I"]
[Black "Bauer,Andreas1"]
[Result "1-0"]
[WhiteElo "2614"]
[BlackElo "2195"]

1.d4 d5 2.c4 Nc6 3.Nf3 Bg4 4.cxd5 Bxf3 5.gxf3 Qxd5 6.e3 e5 7.Nc3 Bb4 8.Bd2 Bxc3
9.bxc3 exd4 10.cxd4 Nge7 11.Bd3 O-O 12.Rb1 Rab8 13.Qc2 Kh8 14.Be4 Qh5 15.f4 a6
16.f5 Rfd8 17.h4 f6 18.f3 h6 19.Kf2 Qe8 20.Qc5 Qd7 21.Rhc1 Nd5 22.Qxd5 Qxd5
23.Bxd5 Rxd5 24.Rxc6  1-0

[Event "40th Olympiad Open"]
[Site "Istanbul TUR"]
[Date "2012.09.09"]
[Round "11.54"]
[White "Van Hoolandt,P"]
[Black "Averbukh,A"]
[Result "0-1"]
[WhiteElo "2171"]
[BlackElo "2211"]

1.d4 d5 2.c4 Nc6 3.Nc3 dxc4 4.Nf3 Nf6 5.d5 Na5 6.e4 e6 7.Bg5 h6 8.Bxf6 gxf6
9.Nd2 b5 10.Nxb5 Rb8 11.Nc3 Rxb2 12.Rb1 Rxb1 13.Qxb1 c6 14.dxc6 Bc5 15.Nf3 Nxc6
16.Qb5 Qa5 17.Bxc4 Qxc3+ 18.Ke2 O-O 19.Qxc5 Ba6 20.Nd2 Nd4+ 21.Qxd4 Qxd4
22.Bxa6 Rd8 23.Rd1 Qa4 24.Bd3 Rxd3  0-1

[Event "3rd Livigno Open A"]
[Site "Livigno ITA"]
[Date "2012.09.17"]
[Round "9.18"]
[White "Bove,A"]
[Black "Betori,A"]
[Result "1-0"]
[WhiteElo "2367"]
[BlackElo "2043"]

1.d4 d5 2.c4 Nc6 3.Nc3 dxc4 4.d5 Na5 5.Qa4+ c6 6.b4 b5 7.Qxa5 Qxa5 8.bxa5 b4
9.Nd1 cxd5 10.e4 e6 11.Bg5 Be7 12.Bxe7 Nxe7 13.Ne3 O-O 14.exd5 exd5 15.Nf3 f5
16.Rd1 Bb7 17.Be2 Rab8 18.Ne5 Rfd8 19.O-O f4 20.Nc2 Nc6 21.Nxc6 Bxc6 22.Rb1 b3
23.axb3 cxb3 24.Nd4 Ba4 25.Bd1 Rb4 26.Nxb3 f3 27.Nd2 fxg2 28.Kxg2 Rxb1 29.Nxb1 Bb5
30.Re1 Kf7 31.Bb3 Kf6 32.Nd2 Rd6 33.Kg3 Bd3 34.h4 Kf5 35.f3 h5 36.Re7 Rg6+
37.Kf2 Re6 38.Rxe6 Kxe6 39.Ke3 Bb5 40.Ne4 Bc6 41.Ng5+ Kf5 42.Bc2+ Ke5 43.f4+ Kd6
44.Kd4 Bd7 45.Bb3 Bc6 46.Nf7+ Ke6 47.Nd8+  1-0

[Event "Vladivostok Russian Cup 2012"]
[Site "Vladivostok RUS"]
[Date "2012.09.19"]
[Round "3.22"]
[White "Muratov,S"]
[Black "Kravtsov,S"]
[Result "0-1"]
[WhiteElo "2250"]
[BlackElo "2328"]

1.d4 d5 2.c4 Nc6 3.cxd5 Qxd5 4.Nf3 e5 5.Nc3 Bb4 6.dxe5 Bxc3+ 7.bxc3 Qa5 8.Qb3 Nxe5
9.Nxe5 Qxe5 10.e3 Be6 11.Qa4+ c6 12.Qd4 Qf6 13.Bb2 Rd8 14.Qxf6 Nxf6 15.c4 Rg8
16.Be2 c5 17.a4 Ne4 18.a5 Ke7 19.f3 Nd6 20.Ra4 f6 21.Kf2 Nxc4 22.Bc3 Nd6
23.e4 Bb3 24.Raa1 Bc4 25.Bxc4 Nxc4 26.Rhc1 b5 27.axb6 axb6 28.Rab1 Rd6 29.f4 Nd2
30.Bxd2 Rxd2+ 31.Ke3 Rd6 32.e5 Rc6 33.Rb5 Kd7 34.Ra1 Re8 35.Ke4 fxe5 36.fxe5 Rce6
37.Kf4 g5+ 38.Kf3 Rf8+ 39.Kg3 Kc6 40.Rab1 Rb8  0-1

[Event "21st TCh-CRO w 2012"]
[Site "Sibenik CRO"]
[Date "2012.09.23"]
[Round "1.11"]
[White "Kruljac,P"]
[Black "Repkova,E"]
[Result "1/2-1/2"]
[WhiteElo "2069"]
[BlackElo "2378"]

1.d4 d5 2.c4 Nc6 3.e3 e6 4.Nc3 Nf6 5.Nf3 Be7 6.Bd3 O-O 7.O-O Nb4 8.Be2 dxc4
9.Bxc4 c5 10.dxc5 Qc7 11.a3 Qxc5 12.Qe2 Nc6 13.b4 Qh5 14.Bb2 e5 15.Nd2 Bg4
16.f3 Bf5 17.Nd5 Nxd5 18.Bxd5 Rad8 19.e4 Be6 20.Bxe6 fxe6 21.Nb3 Nd4 22.Nxd4 exd4
23.Qc4 Rf6 24.Bxd4 Rh6 25.h3 Rg6 26.Kh1 Qg5 27.Ra2 Bd6 28.Bg1 Qg3 29.Rd1 Rf8
30.Qd4 Bc7 31.Qf2 Qe5 32.Qc5 Qg3 33.Qf2 Qe5 34.Qc5 Qg3 35.Qf2  1/2-1/2

[Event "21st TCh-CRO 1b 2012"]
[Site "Sibenik CRO"]
[Date "2012.09.24"]
[Round "2.2"]
[White "Horvath,Cs1"]
[Black "Zufic,M"]
[Result "1/2-1/2"]
[WhiteElo "2526"]
[BlackElo "2417"]

1.d4 d5 2.c4 Nc6 3.Nf3 Bg4 4.Nc3 e6 5.cxd5 exd5 6.Bf4 Bxf3 7.gxf3 Bd6 8.Bg3 Nge7
9.e3 O-O 10.a3 a6 11.Qc2 Kh8 12.Bd3 Qd7 13.h4 Qe6 14.Kd2 b5 15.b4 Qf6 16.f4 Nxd4
17.exd4 Bxf4+ 18.Bxf4 Qxf4+ 19.Ke1 Qf3 20.Kd2  1/2-1/2

[Event "Tatry Open 2012"]
[Site "Tatranske Zruby SVK"]
[Date "2012.09.25"]
[Round "4.10"]
[White "Gibiec,E"]
[Black "Vojta,T"]
[Result "0-1"]
[WhiteElo "2229"]
[BlackElo "2345"]

1.d4 d5 2.c4 Nc6 3.Nc3 Nf6 4.cxd5 Nxd5 5.e4 Nxc3 6.bxc3 e5 7.d5 Nb8 8.Nf3 Nd7
9.Be2 Bd6 10.O-O O-O 11.Be3 Qe7 12.Nd2 b6 13.Qc2 Bc5 14.Nc4 Bb7 15.Rfd1 Rad8
16.Bg4 Ba6 17.Bxc5 Nxc5 18.Ne3 g6 19.a4 h5 20.Bf3 f5 21.c4 Bc8 22.a5 f4 23.d6 Rxd6
24.Nd5 Qg7 25.axb6 axb6 26.Ra8 Bb7 27.Rxf8+ Kxf8 28.Qa2 Qd7 29.Rb1 Bxd5 30.cxd5 Qa4
31.Qb2 Qd4 32.Qxd4 exd4 33.e5 Rd8 34.Rd1 d3 35.g3 Ke7 36.gxf4 Rf8 37.d6+ cxd6
38.exd6+ Kxd6 39.Be2 Rxf4 40.Bxd3 Nxd3 41.Rxd3+ Kc5 42.Kg2 b5 43.f3 b4 44.Re3 Rf6  0-1